[Event "HCL-B3641"]
[Site "www.playchess.de"]
[Date "2006.02.10"]
[Round "34"]
[White "Milosforman"]
[Black "tirailleur"]
[WhiteElo "969"]
[BlackElo "1315"]
[PlyCount "82"]
[Result "0-1"]

1.d4 d5 2.Nf3 Nf6 3.Nc3 e6 4.Bg5 Be7 5.Bxf6 Bxf6 
6.e3 O-O 7.Bd3 Nd7 8.e4 dxe4 9.Nxe4 Be7 10.c4 c5 
11.d5 exd5 12.cxd5 Nf6 13.Nxf6+ Bxf6 14.Qc2 Re8+ 
15.Be4 Qxd5 16.O-O Rxe4 17.Rad1 Bd4 18.Nxd4 cxd4 
19.Rfe1 Rxe1+ 20.Rxe1 Bf5 21.Qc7 d3 22.Re5 Qd7 
23.Qxd7 Bxd7 24.f4 Bf5 25.Rd5 Rc8 26.Kf2 Rc2+ 
27.Kg3 g6 28.h4 h5 29.Rd8+ Kg7 30.Kf3 Rxb2 31.a4 
Bg4+ 32.Ke3 d2 33.Rxd2 Rxd2 34.Kxd2 Bd7 35.a5 b6 
36.axb6 axb6 37.g3 Kf6 38.Kd3 Kf5 39.Ke3 Kg4 
40.Kf2 b5 41.Kg2 b4 0-1

[Event "HCL-C3944"]
[Site "www.playchess.de"]
[Date "2006.02.10"]
[Round "10"]
[White "Djusta"]
[Black "Bense"]
[WhiteElo "1333"]
[BlackElo "1021"]
[PlyCount "192"]
[Result "0-1"]

1.e4 d6 2.d4 e5 3.dxe5 dxe5 4.Qxd8+ Kxd8 5.Nf3 Nd7 
6.Nc3 f6 7.Bc4 c6 8.Bxg8 Rxg8 9.Be3 Bc5 10.Bxc5 
Nxc5 11.O-O-O+ Kc7 12.Rd2 Be6 13.Rhd1 Rgd8 
14.R2xd8 Rxd8 15.Rxd8 Kxd8 16.Kd2 f5 17.Ng5 Bc8 
18.f3 fxe4 19.fxe4 b5 20.Nxh7 Be6 21.b3 Bf7 22.Ke3 
Ne6 23.h4 b4 24.Ne2 Ke7 25.Kf3 c5 26.g4 a5 27.h5 
Bg8 28.g5 Bxh7 29.g6 Bg8 30.Kg4 Kf6 31.Ng3 Ng5 
32.Kh4 c4 33.h6 Kxg6 34.hxg7 Ne6 35.Nf5 Nxg7 
36.Ne7+ Kf7 37.Nc6 cxb3 38.axb3 Bh7 39.Nxe5+ Ke6 
40.Nc4 Bxe4 41.Nxa5 Bxc2 42.Kg4 Kd5 43.Kf3 Kd4 
44.Ke2 Kc3 45.Nc6 Bxb3 46.Nxb4 Kxb4 47.Kd3 Kc5 
48.Ke4 Ne6 49.Ke5 Bd5 50.Kf5 Kd6 51.Kf6 Nd4 52.Kg5 
Ke5 53.Kg4 Ne2 54.Kg5 Be6 55.Kh4 Kf4 56.Kh5 Ng3+ 
57.Kg6 Ke5 58.Kg7 Nf5+ 59.Kg6 Ne7+ 60.Kg5 
{(offering draw)}  Ng8 61.Kg6 Ne7+ 62.Kg7 Kf5 
63.Kf8 Kf6 64.Ke8 Ng6 65.Kd8 Ke5 66.Kc7 Ne7 67.Kb6 
Kd4 68.Ka5 Kc3 69.Kb6 {(offering draw)}  Kb4 
70.Kc7 Kc5 71.Kd8 Ng6 72.Ke8 Kd6 73.Kd8 Bf7 74.Kc8 
Ne5 75.Kd8 Nc6+ 76.Kc8 Na5 77.Kb8 Be6 78.Ka7 Nc4 
79.Kb7 Bd5+ 80.Kc8 Ke7 81.Kc7 Ba8 82.Kb8 Bd5 
83.Kc7 Be4 84.Kc8 Nd6+ 85.Kc7 Bd5 86.Kb6 Nb7 
87.Kb5 Kd6 88.Kb4 Nc5 89.Kc3 Ne4+ 90.Kd3 Ke5 
91.Ke3 Bc4 92.Kf3 Kf5 93.Ke3 Ke5 94.Kf3 Ng5+ 
95.Ke3 Ne4 96.Kf3 Ng5+ 0-1

[Event "HCL-B3871"]
[Site "www.playchess.de"]
[Date "2006.02.10"]
[Round "9"]
[White "ama49"]
[Black "riziotis"]
[WhiteElo "1138"]
[BlackElo "1300"]
[PlyCount "39"]
[Result "1-0"]

1.e4 e5 {lol  good luck again}  2.Nf3 {and 2U2}  
Nc6 3.d4 d5 4.dxe5 dxe4 5.Qxd8+ Nxd8 {wow}  6.Ng5 
Ne6 7.Nxe6 Bxe6 8.Nc3 Bb4 9.Bd2 Bxc3 10.Bxc3 O-O-O 
11.Be2 Ne7 12.O-O Nf5 13.h3 Nh4 14.Rad1 f6 15.exf6 
g6 16.f7 Rhf8 17.Rxd8+ Rxd8 18.Bg4 Nf5 19.Bxf5 
Bxf5 20.Bg7 1-0

[Event "HCL-C4068"]
[Site "www.playchess.de"]
[Date "2006.02.10"]
[Round "7"]
[White "mudelta"]
[Black "jackone"]
[WhiteElo "1125"]
[BlackElo "800"]
[PlyCount "98"]
[Result "0-1"]

1.f4 e6 2.e4 Qf6 3.d4 Bb4+ 4.c3 Be7 5.Nf3 d5 6.e5 
Qf5 7.Bd3 Qg4 8.O-O Nh6 9.Be2 Qg6 10.c4 dxc4 
11.Bxc4 O-O 12.h3 Nc6 13.Bd3 f5 14.exf6 Qxf6 
15.Ne5 Nxe5 16.fxe5 Qh4 17.Rxf8+ Bxf8 18.Nc3 Qxd4+ 
19.Kh2 Qxe5+ 20.Kh1 Bd6 21.Kg1 Qh2+ 22.Kf1 b6 
23.Bxh6 Bb7 24.Qg4 Rf8+ 25.Ke1 Qg1+ 26.Kd2 Qxg2+ 
27.Qxg2 Bxg2 28.Be3 Bxh3 29.Rh1 Bf5 30.Nb5 Ra8 
31.Rg1 Be5 32.b3 a6 33.Na3 Rd8 34.Nc4 Rxd3+ 35.Ke2 
Bc3 36.Rf1 b5 37.Na3 Rd5 38.Rc1 Bb2 39.Rxc7 Bxa3 
40.Rc6 Bd6 41.Rxa6 Bg4+ 42.Kf2 h5 43.a4 h4 44.axb5 
Bg3+ 45.Kg2 Rxb5 46.Bd4 Rxb3 47.Ra8+ Kh7 48.Ra7 e5 
49.Ra1 exd4 0-1

[Event "HCL-A2595"]
[Site "www.playchess.de"]
[Date "2006.02.10"]
[Round "4"]
[White "TyrTRR"]
[Black "PhilipKaveny"]
[WhiteElo "1700"]
[BlackElo "1396"]
[PlyCount "34"]
[Result "1-0"]

1.e4 {nice to meet you, good luck}  c5 {You also}  
2.Nc3 d6 3.f4 Nc6 4.Nf3 g6 5.Bb5 Bg7 6.Bxc6+ bxc6 
7.d3 Bg4 8.O-O e6 9.Qe1 Bxf3 10.Rxf3 Ne7 11.f5 
Bd4+ 12.Kh1 O-O 13.Bh6 Re8 14.f6 Nc8 15.Qh4 d5 
16.Bg7 Nd6 {There must be some way out of here 
said the Jocker to the thief}  17.Qxh7+ {Sorry 
man, I don't think so =(}  Kxh7 {Very Nice Ideed I 
don't  want to be accused of being a good loser  
but very  nice}  1-0

[Event "HCL-C4104"]
[Site "www.playchess.de"]
[Date "2006.02.10"]
[Round "1"]
[White "Milosforman"]
[Black "nichju"]
[WhiteElo "962"]
[BlackElo "1035"]
[PlyCount "113"]
[Result "1-0"]

1.d4 d5 {Hello and good luck}  2.Nc3 Nf6 3.e3 Nc6 
4.Bb5 Bd7 5.Bxc6 Bxc6 6.Nge2 e6 7.h3 Bb4 8.Bd2 O-O 
9.a3 Bxc3 10.Bxc3 Ne4 11.Ng3 Nxg3 12.fxg3 Qg5 
13.Qf3 e5 14.h4 Qg6 15.h5 Qxc2 16.O-O exd4 17.Bxd4 
b6 18.h6 Bb5 19.Rf2 Qd3 20.hxg7 c5 21.gxf8Q+ Rxf8 
22.Qg4+ Qg6 23.Qxg6+ hxg6 24.Bf6 Re8 25.Re1 d4 
26.e4 d3 27.e5 c4 28.Rc1 a5 29.a4 Bxa4 30.Rxc4 b5 
31.Rd4 Bc2 32.Rd8 Rxd8 33.Bxd8 a4 34.Kf1 Bb3 
35.Rd2 Bc4 36.Be7 Kg7 37.Bf6+ Kg8 38.Kf2 b4 39.Be7 
f6 40.exf6 Kf7 41.Ke3 Ke8 42.Kd4 Bb3 43.Rxd3 a3 
44.bxa3 bxa3 45.Rxb3 a2 46.Ra3 g5 47.Rxa2 g4 
48.Ke5 Kf7 49.Kd6 Ke8 50.Ra8+ Kf7 51.Rf8+ Kg6 
52.Ke6 Kg5 53.f7+ Kg6 54.Rg8+ Kh7 55.Rg5 Kh6 
56.f8Q+ Kh7 57.Qg7+ 1-0

[Event "HCL-C4142"]
[Site "www.playchess.de"]
[Date "2006.02.10"]
[Round "6"]
[White "mane_twice"]
[Black "nichju"]
[WhiteElo "1241"]
[BlackElo "1062"]
[PlyCount "79"]
[Result "1-0"]

1.e4 e6 2.d4 c6 3.Bd3 d5 4.e5 c5 5.c3 c4 6.Bc2 f6 
7.Nf3 Nc6 8.Bf4 fxe5 9.Nxe5 Bd6 10.Qh5+ Kf8 
11.Ng6+ hxg6 12.Bxd6+ Qxd6 13.Qxh8 e5 14.Qh4 exd4 
15.O-O dxc3 16.Nxc3 Nb4 17.Bd1 Bf5 18.Be2 Re8 
19.Rad1 Re5 20.Bxc4 Nf6 21.a3 Nc2 22.Bd3 Bxd3 
23.Rxd3 Re1 24.Rxe1 Nxe1 25.Rg3 Qe5 26.Rxg6 Nd3 
27.h3 Qe1+ 28.Kh2 Nxf2 29.Qh8+ Kf7 30.Rxg7+ Ke6 
31.Qc8+ Kd6 32.Qc7+ Ke6 33.Qe7+ Kf5 34.Qxe1 N6g4+ 
35.hxg4+ Nxg4+ 36.Rxg4 Kxg4 37.Nxd5 b5 38.Qe5 a5 
39.Nf6+ Kh4 40.Qf4+ 1-0

[Event "HCL-A2482"]
[Site "www.playchess.de"]
[Date "2006.02.10"]
[Round "29"]
[White "Genesio"]
[Black "AidyT"]
[WhiteElo "1130"]
[BlackElo "1345"]
[PlyCount "60"]
[Result "0-1"]

1.e4 {Welcome!}  e5 {Hi from Scotland and good 
luck.}  2.Nf3 Nc6 3.c3 Nf6 4.Bb5 d6 5.d4 a6 6.Ba4 
b5 7.Bb3 Bg4 8.h3 Bh5 9.Bg5 h6 10.Bh4 g5 11.Bg3 
Nxe4 12.O-O Nxg3 13.fxg3 Bg6 14.Nbd2 Bg7 15.Re1 
O-O 16.Bd5 Qd7 17.g4 Rad8 18.dxe5 Nxe5 19.Nxe5 
Bxe5 20.Be4 Bxe4 21.Rxe4 f5 22.gxf5 Qxf5 23.Qg4 
Qf2+ 24.Kh1 Qxd2 25.Qe6+ Kg7 26.Rae1 Rfe8 27.Qf5 
Ref8 28.R4e2 Rxf5 29.Rxd2 Bg3 30.Re7+ 
Kf8 0-1

[Event "HCL-A2576"]
[Site "www.playchess.de"]
[Date "2006.02.10"]
[Round "1"]
[White "GED"]
[Black "victorabiodun03"]
[WhiteElo "1433"]
[BlackElo "1357"]
[PlyCount "38"]
[Result "0-1"]

1.e4 {hello from liverpool, england, and good 
luck!}  e6 {hello from wimbledon,london,england 
and good luck to you too}  2.Nf3 d5 3.exd5 exd5 
4.d4 Nf6 5.Bd3 Bd6 6.c4 O-O 7.O-O c6 8.cxd5 Nxd5 
9.a3 Nf4 10.Bc2 Nd7 11.Nc3 Nf6 12.Ne2 N6d5 13.Nc3 
Bg4 14.Nxd5 Nxd5 15.Bxh7+ Kxh7 16.Ng5+ Qxg5 
17.Bxg5 Bxd1 18.Raxd1 Kg6 19.Bd2 
Rfe8 0-1

[Event "HCL-E1538"]
[Site "www.playchess.de"]
[Date "2006.02.10"]
[Round "2"]
[White "vvv_v"]
[Black "redstar"]
[WhiteElo "1840"]
[BlackElo "1790"]
[PlyCount "75"]
[Result "1-0"]

1.e4 c5 2.Nf3 e6 3.d4 cxd4 4.Nxd4 Nf6 5.Bd3 d6 
6.O-O Be7 7.Nc3 O-O 8.Be3 a6 9.f4 Nc6 10.Nxc6 bxc6 
11.e5 Nd5 12.Nxd5 cxd5 13.Qh5 g6 14.Qe2 Qc7 15.Bd4 
dxe5 16.fxe5 Bc5 17.c3 a5 18.Qf2 Bxd4 19.cxd4 Ba6 
20.Bxa6 Rxa6 21.Qd2 Rc6 22.Rac1 Rxc1 23.Rxc1 Qb6 
24.b3 f6 25.Qe3 fxe5 26.Qxe5 Rf5 27.Rc8+ Kf7 
28.Qh8 Ke7 29.Qxh7+ Kd6 30.Qh4 g5 31.Qh8 Rf4 
32.Qe5+ Kd7 {(offering draw)}  33.Rc5 Rf5 34.Rxd5+ 
Ke8 35.Qh8+ Ke7 36.Qg7+ Rf7 37.Qxg5+ Rf6 
38.Rd7+ 1-0

[Event "HCL-T254"]
[Site "www.playchess.de"]
[Date "2006.02.11"]
[Round "8"]
[White "gambitfan"]
[Black "marceli"]
[WhiteElo "1338"]
[BlackElo "1786"]
[PlyCount "58"]
[Result "0-1"]

1.d4 Nf6 2.c4 e6 3.Nc3 Bb4 4.Qc2 c5 5.dxc5 Bxc5 
6.Nf3 d5 7.Bg5 dxc4 8.e3 Nc6 9.Bxc4 O-O 10.Ne4 Be7 
11.a3 Qa5+ 12.Nc3 h6 13.Bh4 g5 14.Bg3 Rd8 15.O-O 
g4 16.Nh4 Qh5 17.Ne2 Nd5 18.Bxd5 Rxd5 19.Nf4 Rc5 
20.Qe4 Qg5 21.Rac1 Bd7 22.b4 Rxc1 23.Rxc1 a5 24.b5 
Qxb5 25.Rb1 Qe5 26.Qxe5 Nxe5 27.Rxb7 Rd8 28.Nxe6 
Bxe6 29.Rxe7 Rd1+ 0-1

[Event "HCL-C3944"]
[Site "www.playchess.de"]
[Date "2006.02.11"]
[Round "15"]
[White "Djusta"]
[Black "chessmutt"]
[WhiteElo "1333"]
[BlackElo "1260"]
[PlyCount "55"]
[Result "1-0"]

1.e4 e5 2.Nf3 Nc6 3.d4 exd4 4.Nxd4 Nxd4 5.Qxd4 Nf6 
6.Nc3 c5 7.Qe5+ Qe7 8.Qxe7+ Bxe7 9.Bb5 O-O 10.O-O 
d6 11.Bf4 Bd7 12.Rad1 Bxb5 13.Rfe1 Nh5 14.Bxd6 
Bxd6 15.Nxb5 Be5 16.c3 Rad8 17.Nxa7 Rxd1 18.Rxd1 
Nf6 19.Nb5 Nxe4 20.Re1 Nd6 21.Rxe5 Nxb5 22.Rxc5 
Re8 23.Kf1 Nd6 24.a4 Ne4 25.Rd5 Nf6 26.Rb5 Ne4 
27.Rd5 Rb8 28.c4 1-0

[Event "HCL-C3944"]
[Site "www.playchess.de"]
[Date "2006.02.11"]
[Round "14"]
[White "Opps"]
[Black "chessmutt"]
[WhiteElo "1088"]
[BlackElo "1260"]
[PlyCount "51"]
[Result "1-0"]

1.e4 {Hello, Nice meeting you .}  e5 2.Nf3 Nc6 
{Hi, nice meeting you to}  3.Bc4 Nf6 4.Ng5 d5 
5.Bb3 Nd4 6.Ba4+ Bd7 7.c3 Nb5 8.O-O Nd6 9.d3 dxe4 
10.Bb3 Bg4 11.Qe1 Qe7 12.Nd2 exd3 13.Qe3 Bf5 
14.Ba4+ c6 15.Bb3 Ng4 16.Qg3 Qxg5 17.Nf3 Qg6 
18.Ng5 h6 19.h4 hxg5 20.f3 Rxh4 21.fxg4 Bxg4 
22.Re1 Qh6 23.Qxe5+ Qe6 24.Bxe6 fxe6 25.Kf2 Nc4 
26.Qxg5 1-0

[Event "HCL-B3860"]
[Site "www.playchess.de"]
[Date "2006.02.11"]
[Round "4"]
[White "evets"]
[Black "vaidasmp"]
[WhiteElo "1392"]
[BlackElo "1200"]
[PlyCount "34"]
[Result "0-1"]

1.Nf3 d5 2.d4 e6 3.e3 a6 4.Nbd2 Bd6 5.Bd3 Nc6 
6.O-O Nf6 7.Re1 Bd7 8.e4 dxe4 9.Nxe4 Nxe4 10.Bxe4 
Qf6 11.c3 O-O-O 12.Qb3 b6 13.Bxc6 Bxc6 14.Ne5 Bxe5 
15.dxe5 Qg6 16.g3 Qh5 17.Rf1 Qf3 0-1

[Event "HCL-B3856"]
[Site "www.playchess.de"]
[Date "2006.02.11"]
[Round "7"]
[White "evets"]
[Black "ama49"]
[WhiteElo "1392"]
[BlackElo "1194"]
[PlyCount "75"]
[Result "1-0"]

1.d4 d5 {Hello again.}  2.Nd2 Nc6 3.Ngf3 Nf6 4.e3 
Bg4 5.c3 e5 6.Qb3 Na5 7.Qa4+ c6 8.Nxe5 Be6 9.b4 
Nc4 10.Ndxc4 dxc4 11.Bxc4 Bxc4 12.Nxc4 Nd5 13.Qc2 
Be7 14.O-O O-O 15.e4 Nc7 16.Re1 Re8 17.e5 Nd5 
18.Ne3 Nxe3 19.Rxe3 Qd5 20.Rh3 h6 21.Bxh6 g6 
22.Qd2 f5 23.Bg5 Kg7 24.Bxe7 Rxe7 25.Qh6+ Kf7 
26.Qh7+ Ke6 27.Qxg6+ Kd7 28.Qxf5+ Kc7 29.Rh7 Rae8 
30.Rxe7+ Rxe7 31.a4 Qc4 32.Qf3 b6 33.b5 cxb5 
34.axb5 Kd8 35.Qa8+ Kd7 36.Rxa7+ Ke6 37.Qg8+ Rf7 
38.Qxf7+ 1-0

[Event "HCL-B3777"]
[Site "www.playchess.de"]
[Date "2006.02.11"]
[Round "2"]
[White "dg"]
[Black "Bole"]
[WhiteElo "1209"]
[BlackElo "1200"]
[PlyCount "49"]
[Result "1-0"]

1.e4 {hi}  g6 2.d4 Bg7 3.Nf3 d6 4.c4 Nf6 5.Nc3 O-O 
6.Be3 e5 7.d5 c6 8.Bd3 Bg4 9.h3 Bxf3 10.gxf3 cxd5 
11.cxd5 Nbd7 12.f4 Nh5 13.f5 Nf4 14.Bxf4 exf4 
15.f3 Qa5 16.Qd2 Rac8 17.Rc1 Rc5 18.fxg6 fxg6 
19.a3 Rcc8 20.h4 Ne5 21.Qe2 Rf7 22.h5 g5 23.h6 Bf6 
24.Kf1 Rfc7 25.Kg2 1-0

[Event "ACL-T166"]
[Site "www.playchess.de"]
[Date "2006.02.11"]
[Round "32"]
[White "ddddale"]
[Black "Chascarrillo"]
[WhiteElo "1575"]
[BlackElo "2133"]
[PlyCount "58"]
[Result "0-1"]

1.g4 e5 2.h3 d5 3.Bg2 c6 4.d4 e4 5.c4 Bd6 6.Nc3 
Be6 7.Qb3 b6 8.cxd5 cxd5 9.Bd2 Ne7 10.f4 Nbc6 
11.Nb5 Bb8 12.e3 a6 13.Na3 h5 14.g5 Bd6 15.Rc1 O-O 
16.Ne2 b5 17.Nb1 b4 18.Kf2 Na5 19.Qd1 Qb6 20.Be1 
Rac8 21.Rxc8 Rxc8 22.Nd2 Qb5 23.Bf1 h4 24.Ng1 Qb6 
25.Qa4 Qc7 26.Bxa6 Ra8 27.Be2 Nf5 28.Nf1 Bxf4 
29.exf4 Qxf4+ 0-1

[Event "HCL-M862"]
[Site "www.playchess.de"]
[Date "2006.02.11"]
[Round "10"]
[White "ddddale"]
[Black "BDG_Girl"]
[WhiteElo "1929"]
[BlackElo "2074"]
[PlyCount "34"]
[Result "0-1"]

1.d4 e6 {Hello and good luck!}  2.Nf3 Nf6 3.Bg5 h6 
4.Bf4 Nc6 5.e3 Nh5 6.Bg3 Nxg3 7.hxg3 Qf6 {Merry 
Christmas and may God Bless you and your family!}  
8.Nbd2 d5 9.c4 Bd7 10.cxd5 exd5 11.Qb3 O-O-O 
12.Qxd5 Bb4 13.Qh5 g6 14.Qd5 Bg4 15.Qe4 Bf5 16.Qh4 
g5 17.Qh2 Nxd4 0-1

[Event "HCL-B3858"]
[Site "www.playchess.de"]
[Date "2006.02.11"]
[Round "3"]
[White "djpnola"]
[Black "evets"]
[WhiteElo "1109"]
[BlackElo "1392"]
[PlyCount "101"]
[Result "0-1"]

1.f4 {We meet again.}  d5 2.h3 Nf6 3.d4 Bf5 4.Nf3 
Nc6 5.Nc3 Nb4 6.e4 dxe4 7.Ne5 Nd7 8.Be3 e6 9.Qh5 
Nxe5 10.fxe5 Nxc2+ 11.Kd2 Nxa1 12.Be2 g6 13.Qg5 
Qxg5 14.Bxg5 Bb4 15.Rxa1 O-O 16.a3 Bxc3+ 17.bxc3 
c5 18.Be7 Rfe8 19.Bxc5 b6 20.Bd6 Kg7 21.Ke3 f6 
22.g4 fxe5 23.Bxe5+ Kf7 24.gxf5 exf5 25.Bc4+ Ke7 
26.Rg1 Rac8 27.Bd5 Rxc3+ 28.Kf4 Rxa3 29.Kg5 Rxh3 
30.Bf6+ Kd6 31.Bf7 Rf8 32.Be5+ Ke7 33.Bc4 Rc8 
34.Rc1 b5 35.Bf6+ Kf8 36.Ra1 bxc4 37.Rxa7 Rh5+ 
38.Kf4 c3 39.Bg7+ Ke8 40.Ra1 c2 41.Rc1 Rh3 42.d5 
Rd3 43.d6 Rd1 44.Rxc2 Rxc2 {Good game!}  45.Ke5 
Kd7 46.Bf8 e3 47.Kf6 e2 48.Kg7 e1Q 49.Kxh7 Qh4+ 
50.Kxg6 f4 51.Kf5 0-1

[Event "HCL-A2581"]
[Site "www.playchess.de"]
[Date "2006.02.11"]
[Round "7"]
[White "gridguy"]
[Black "wbaldan"]
[WhiteElo "1716"]
[BlackElo "1344"]
[PlyCount "50"]
[Result "0-1"]

1.d4 Nf6 2.c4 e6 3.Nc3 Bb4 4.e3 O-O 5.Bd3 d5 6.Nf3 
c5 7.O-O Nc6 8.a3 Bxc3 9.bxc3 dxc4 10.Bxc4 Qc7 
11.Bb2 e5 12.d5 Rd8 13.Qc2 e4 14.Ng5 Ne5 15.Ba2 
Bf5 16.f3 h6 17.Ne6 fxe6 18.dxe6 c4 19.f4 Nd3 
20.h3 Bxe6 21.Bc1 Nxc1 22.Qxc1 Rd5 23.Qc2 Qc5 
24.Rae1 Rad8 25.Re2 R5d3 0-1

[Event "HCL-A2596"]
[Site "www.playchess.de"]
[Date "2006.02.11"]
[Round "2"]
[White "Chas"]
[Black "dynamike"]
[WhiteElo "1490"]
[BlackElo "1442"]
[PlyCount "41"]
[Result "1-0"]

1.e4 c5 2.Nf3 e6 3.d4 cxd4 4.Nxd4 a6 5.Nc3 Qc7 
6.g3 d6 7.Bg2 Nf6 8.O-O Be7 9.Be3 b5 10.a3 Bb7 
11.Nde2 Nc6 12.f4 O-O 13.Nd4 Rad8 14.f5 e5 15.Nxc6 
Bxc6 16.g4 Qb7 17.Nd5 Nxd5 18.exd5 Bd7 19.g5 f6 
20.g6 hxg6 21.fxg6 1-0

[Event "HCL-E1504"]
[Site "www.playchess.de"]
[Date "2006.02.11"]
[Round "2"]
[White "Paul_D"]
[Black "oyetola"]
[WhiteElo "1536"]
[BlackElo "1508"]
[PlyCount "69"]
[Result "1-0"]

1.e4 e5 2.Nf3 Nc6 3.Bb5 Nd4 4.Nxd4 exd4 5.O-O c6 
6.Bc4 b5 7.Bb3 h5 8.Qf3 Qe7 9.d3 d6 10.h3 Be6 
11.Bxe6 Qxe6 12.Bd2 Nf6 13.c3 Be7 14.cxd4 c5 15.e5 
Nd5 16.Nc3 Nb4 17.Qxa8+ Bd8 18.Nxb5 O-O 19.Nxd6 
Bg5 20.Qxa7 Bxd2 21.Qxc5 Nd5 22.a3 Bg5 23.Ne4 Be7 
24.Qc4 Rc8 25.Nc5 Bxc5 26.dxc5 Qxe5 27.d4 Qe6 
28.Rae1 Qd7 29.b4 Nb6 30.Qb3 Nd5 31.Re5 Nf4 32.d5 
f6 33.d6+ Kf8 34.Re7 Qc6 35.Qf7+ {Good game.} 
 1-0

[Event "HCL-C4048"]
[Site "www.playchess.de"]
[Date "2006.02.11"]
[Round "9"]
[White "ReXtoN"]
[Black "thor"]
[WhiteElo "1159"]
[BlackElo "1005"]
[PlyCount "59"]
[Result "1-0"]

1.d4 e6 2.Nc3 {Hi}  d5 3.e4 Bb4 {hello!}  4.Nge2 
{Hi . Merry Christmas!!!}  c5 {happy holidays 
too!}  5.a3 Ba5 6.f3 Nf6 7.e5 Nfd7 8.Bd2 cxd4 
9.Nxd4 Nc6 10.Bb5 Ncxe5 11.Qe2 a6 12.Qxe5 axb5 
13.Qxg7 Rf8 14.Ndxb5 Qb6 15.a4 Nc5 16.b3 Bd7 
17.Nd4 O-O-O 18.O-O Kb8 19.Rab1 e5 20.Qxe5+ Ka8 
21.Nxd5 Qa7 22.b4 Bxb4 23.Bxb4 Ne6 24.c3 Nxd4 
25.cxd4 Be6 26.Bxf8 Rxd5 27.Rfd1 Rxe5 28.Bc5 b6 
29.Bxb6 Qa6 30.dxe5 1-0

[Event "HCL-E1536"]
[Site "www.playchess.de"]
[Date "2006.02.11"]
[Round "3"]
[White "pgschumy"]
[Black "temple"]
[WhiteElo "1794"]
[BlackElo "1727"]
[PlyCount "57"]
[Result "1/2-1/2"]

1.e4 {Hi! From Bucharest, Romania! GG}  e5 {Hello 
from Calgary,Alberta,Canada.}  2.Nf3 Nf6 3.Nxe5 
{Happy New Year!!!}  Qe7 4.Nf3 Qxe4+ 5.Be2 Be7 
6.O-O O-O 7.Nc3 Qb4 8.a3 Qa5 9.d4 c6 10.Re1 d5 
11.Bg5 h6 12.Bxf6 Bxf6 13.b4 Qc7 14.Na2 Nd7 15.c4 
dxc4 16.Bxc4 Nb6 17.Qb3 Nxc4 18.Qxc4 Be6 19.Qd3 
Rad8 20.Nc3 Qf4 21.Ne4 Bd5 22.Nxf6+ Qxf6 23.Ne5 
Qg5 24.g3 f6 25.Ng6 Rfe8 26.Nf4 Kf7 27.Rxe8 Rxe8 
28.b5 Be4 29.Qc4+ {(offering draw)} 
 1/2-1/2

[Event "ACL-T166"]
[Site "www.playchess.de"]
[Date "2006.02.11"]
[Round "29"]
[White "Chascarrillo"]
[Black "Rolly"]
[WhiteElo "2133"]
[BlackElo "2080"]
[PlyCount "64"]
[Result "0-1"]

1.g4 h5 {Hello. Pleased to meet you.}  2.g5 e5 
3.d4 exd4 4.Qxd4 Nc6 5.Qe3+ Nge7 6.Bg2 d5 7.Na3 h4 
8.h3 a6 9.Qb3 b5 10.Bd2 Be6 11.O-O-O Qd6 12.e3 b4 
13.Nb1 a5 14.a4 Ne5 15.f4 Nd7 16.Qa2 Nc5 17.b3 Nf5 
18.Ne2 Qc6 19.Kb2 g6 20.Nd4 Bg7 21.Bc1 Nxd4 
22.exd4 Bf5 23.Rhe1+ Ne6 24.c3 O-O-O 25.Re5 Be4 
26.Bxe4 Bxe5 27.fxe5 dxe4 28.Be3 Nc5 29.Ka1 Qe6 
30.cxb4 axb4 31.Qc2 Qxb3 32.Qxb3 
Nxb3+ 0-1

[Event "HCL-B3808"]
[Site "www.playchess.de"]
[Date "2006.02.11"]
[Round "19"]
[White "azary"]
[Black "JuliusCaesar"]
[WhiteElo "1201"]
[BlackElo "1158"]
[PlyCount "65"]
[Result "1-0"]

1.e4 c5 {Good luck}  2.Nf3 e6 3.Nc3 Nc6 4.d3 a6 
5.d4 cxd4 6.Nxd4 Nf6 7.Nxc6 bxc6 8.e5 Nd5 9.Nxd5 
cxd5 10.Be3 h6 11.Bd4 Bb4+ 12.c3 Ba5 13.Qg4 O-O 
14.Bc5 Re8 15.Be2 Bb6 16.Bxb6 Qxb6 17.b4 Bb7 
18.O-O d6 19.Qg3 Qc7 20.exd6 Qd7 21.c4 dxc4 
22.Bxc4 Red8 23.Rfd1 Qc6 24.Rac1 Rac8 25.a3 Ba8 
26.Kh1 Qb6 27.d7 Rc7 28.Bxa6 Rxc1 29.Rxc1 Qxa6 
30.Qc7 Bxg2+ 31.Kg1 Qa8 32.Qxd8+ {thinking what 
with that  move}  Qxd8 {i am afraid you win}  
33.Rc8 1-0

[Event "HCL-C3991"]
[Site "www.playchess.de"]
[Date "2006.02.11"]
[Round "2"]
[White "JuliusCaesar"]
[Black "Nutz"]
[WhiteElo "1153"]
[BlackElo "1127"]
[PlyCount "102"]
[Result "0-1"]

1.e4 {Good luck!}  e5 {Hello, good luck to you 
too}  2.Nf3 f5 3.exf5 e4 4.Nd4 Bc5 5.Nb3 Bb6 6.Nc3 
Qf6 7.d3 Qxf5 8.Nxe4 d5 9.Be3 dxe4 10.Bxb6 axb6 
11.dxe4 Qe5 12.f3 Qxb2 13.Bc4 Qc3+ 14.Nd2 Nc6 
15.O-O Nf6 16.Bb3 b5 17.Qe2 Nd4 18.Qf2 Nxc2 
19.Rac1 Qe5 {nice move:(}  20.Rxc2 {Merry 
Christmas! :)}  Be6 {And A belated Merry Christmas 
to you too... I hope you had a good one}  21.Bxe6 
{Yes i did :) How was Christmas in South Africa?}  
Qxe6 {Glad to hear it... Christmas was nice thank 
you, unfortunatley back at work now :(}  22.Nb3 
{:)}  c6 23.Rd2 O-O 24.Rfd1 Ng4 25.Qg3 Ne3 26.Re1 
Nc4 27.Rc2 Rad8 28.Qf2 Na3 29.Rcc1 Rda8 30.Red1 
Nc4 31.Rd4 b6 32.Rcd1 Qf6 33.R4d7 Qb2 34.Qxb2 Nxb2 
35.Ra1 Rad8 36.Rb7 Rdb8 37.Rc7 c5 38.Rb1 Nd3 
39.Rd7 c4 40.Nd4 Rbd8 41.Rxd8 Rxd8 42.Nxb5 Rb8 
43.Kf1 Nc5 44.Ke2 Na4 45.Kd2 Rd8+ 46.Kc2 Rd3 
47.Rb4 Nc5 48.Nc3 Rd4 49.Rxb6 Nd7 50.Rc6 Ne5 
51.Nd5 Nxc6 0-1

[Event "HCL-B3851"]
[Site "www.playchess.de"]
[Date "2006.02.11"]
[Round "5"]
[White "ChessMassacre"]
[Black "Absoluter_Beginner"]
[WhiteElo "1200"]
[BlackElo "1500"]
[PlyCount "44"]
[Result "0-1"]

1.e4 e5 2.Nc3 Bb4 3.a3 Ba5 4.Nf3 d6 5.b4 Bb6 6.Nd5 
Nf6 7.h3 Nxd5 8.Bc4 Nf6 9.Ng5 O-O 10.c3 h6 11.Nxf7 
Rxf7 12.f4 d5 13.Bd3 dxe4 14.Bc4 Nd5 15.Qh5 Rf5 
16.Qg6 Rf6 17.Bxd5+ Qxd5 18.Qe8+ Rf8 19.Qg6 exf4 
20.d3 exd3 21.Rf1 Qe5+ {nice game}  22.Kd2 
Qe2+ 0-1

[Event "HCL-E1564"]
[Site "www.playchess.de"]
[Date "2006.02.11"]
[Round "9"]
[White "Emerson"]
[Black "Matu"]
[WhiteElo "1790"]
[BlackElo "1538"]
[PlyCount "65"]
[Result "1/2-1/2"]

1.d4 {Hi, willkommen! Wollte mal wieder Schwarz 
gegen Dich haben, daher die Turnierwahl...
:-))}  Nf6 {Aha! Na dann woll´n wir mal schauen. 
Viel Glück!}  2.e3 {Ja, der "Aha" ist schon wieder 
da.
Alles Gute im Turnier!}  e6 3.Bd3 d5 4.Nd2 Nbd7 
5.f4 c5 6.c3 c4 7.Bc2 b5 8.b3 Nb6 9.Qf3 Be7 10.g4 
h6 11.Ne2 Bd7 12.Ng3 Qc8 13.O-O a5 14.g5 Nh7 
15.Nh5 g6 16.Ng7+ Kd8 17.gxh6 Nf6 18.e4 Nxe4 
19.Nxe4 dxe4 20.Bxe4 Ra7 21.Be3 Rxh6 22.f5 Rh7 
23.fxe6 Bxe6 24.Nxe6+ Qxe6 25.d5 Qd6 26.Bf4 {habe 
lange nicht gezogen: war beruflich etwas im Stress 
und außerdem war mir die Stellung nicht so ganz 
geheuer, um mich schnell zu entscheiden...}  Qc5+ 
{nun, ich würde die Stellung schon lieber mit 
Weiss spielen, aber mal schauen ...}  27.Kg2 {Das 
stimmt schon, aber gegen Dich muss ich immer sehr 
gut aufpassen.
so long}  Bd6 28.Bg5+ Kc8 29.Rfh1 f5 30.Be3 Qc7 
31.Bc2 Bc5 32.Bf4 Bd6 33.Be3 {(offering draw) 
"Gleichgewicht des Schreckens"?} 
 1/2-1/2

[Event "ACL-A653"]
[Site "www.playchess.de"]
[Date "2006.02.11"]
[Round "4"]
[White "Vasudevan"]
[Black "brasileiro2005"]
[WhiteElo "1500"]
[BlackElo "1500"]
[PlyCount "37"]
[Result "1-0"]

1.d4 Nf6 2.Nf3 d5 3.Bf4 g6 4.e3 Bg7 5.Bb5+ Bd7 
6.Bd3 O-O 7.Ng5 h6 8.Nf3 Nc6 9.Bb5 Bg4 10.h3 Bxf3 
11.gxf3 Nh5 12.Nc3 Nxf4 13.exf4 Nxd4 14.Bd3 e6 
15.Rg1 Qh4 16.Ne2 Nxf3+ 17.Kf1 Qxh3+ 18.Rg2 Qh1+ 
19.Ng1 1-0

[Event "ACL-A655"]
[Site "www.playchess.de"]
[Date "2006.02.11"]
[Round "5"]
[White "M_L"]
[Black "miki75"]
[WhiteElo "1799"]
[BlackElo "1500"]
[PlyCount "40"]
[Result "1-0"]

1.e4 b6 2.d4 Bb7 3.Bd3 e6 4.Nf3 Nf6 5.e5 Nd5 6.c4 
Nb4 7.Be2 Be4 8.O-O Nc2 9.Nc3 Bg6 10.Rb1 Nb4 
11.Bg5 Be7 12.Bxe7 Qxe7 13.Rc1 O-O 14.a3 N4c6 
15.d5 exd5 16.Nb5 Na6 17.cxd5 Nxe5 18.Nxc7 Nxc7 
19.d6 Nxf3+ 20.Bxf3 Qg5 1-0

[Event "HCL-B3706"]
[Site "www.playchess.de"]
[Date "2006.02.11"]
[Round "9"]
[White "captainjivago"]
[Black "Rastaro"]
[WhiteElo "1200"]
[BlackElo "1200"]
[PlyCount "34"]
[Result "0-1"]

1.e4 {Wlcome&gl}  e5 {All the best for this game}  
2.Nf3 {Thx same 2U2}  f5 3.Nxe5 Qf6 4.d4 d6 5.Bb5+ 
c6 6.Nxc6 bxc6 7.Qh5+ g6 8.Qe2 cxb5 9.Nc3 Kd8 
10.Nxb5 Nc6 11.d5 Nd4 12.Nxd4 Qxd4 13.exf5 Qxd5 
14.O-O Nf6 15.fxg6 hxg6 16.Rd1 Qh5 17.Qxh5 
Rxh5 0-1

[Event "ACL-A653"]
[Site "www.playchess.de"]
[Date "2006.02.11"]
[Round "5"]
[White "brasileiro2005"]
[Black "JEB_Stuart"]
[WhiteElo "1500"]
[BlackElo "1735"]
[PlyCount "24"]
[Result "0-1"]

1.d4 e6 {Hello and good luck!}  2.e4 d5 3.Nc3 Bb4 
{Merry Christmas and Happy New Year!}  4.e5 c5 
5.a3 Bxc3+ 6.bxc3 Ne7 7.Nf3 Nbc6 8.Bf4 O-O 9.Bd3 
Qa5 10.Qd2 b6 11.O-O Ba6 12.Bh6 
Bxd3 0-1